000 00607cam a2200145 4500500
005 20260208002354.0
041 _afre
042 _adc
100 1 0 _aBerger, Laurent
_eauthor
245 0 0 _aLesley Alexandra Sharp, The Sacrificed Generation. Youth, History, and the Colonized Mind in Madagascar, Berkeley, University of California Press, 2002, xiv + 377 p., bibl., index, gloss., ill.
260 _c2005.
500 _a23
786 0 _nL'Homme | 175-176 | 3 | 2005-07-01 | p. 475zh-572zh | 0439-4216
856 4 1 _uhttps://shs.cairn.info/revue-l-homme-2005-3-page-475zh?lang=fr&redirect-ssocas=7080
999 _c1646003
_d1646003